[Event "FRA-chT Top 12"]
[Site "Brest"]
[Date "2018.06.05"]
[Round "11"]
[White "Pelletier, Yannick"]
[Black "Manouck, Thierry"]
[Result "1/2-1/2"]
[WhiteElo "2550"]
[BlackElo "2195"]
[PlyCount "135"]
[EventDate "2018.05.26"]
[EventType "team-tourn"]
[EventRounds "11"]
[EventCountry "FRA"]
[SourceTitle "EXT 2019"]
[Source "ChessBase"]
[SourceDate "2018.10.10"]
[SourceVersion "1"]
[SourceVersionDate "2018.10.10"]
[SourceQuality "1"]
[WhiteTeam "Bischwiller"]
[BlackTeam "Evry Grand Roque"]
[WhiteTeamCountry "FRA"]
[BlackTeamCountry "FRA"]

1. d4 Nf6 2. Nf3 c5 3. d5 b5 4. c4 Bb7 5. Nbd2 bxc4 6. e4 e6 7. dxe6 fxe6 8. e5 Nd5 9. Nxc4 Be7 10. g3 Nb6 11. Na5 Bd5 12. Bg2 Qc7 13. 0-0 Nc6 14. Nxc6 Qxc6 15. b3 a5 16. Be3 0-0 17. Ne1 a4 18. Rc1 axb3 19. axb3 Ra2 20. Rc2 Rxc2 21. Qxc2 Qb5 22. Bxd5 Nxd5 23. Nd3 Nxe3 24. fxe3 Rxf1+ 25. Kxf1 Qb7 26. Nf2 Qd5 27. Qc3 Bg5 28. e4 Qc6 29. Ke2 h5 30. h4 Bh6 31. Kf3 g6 32. Nd3 Bf8 33. Nb2 Qa6 34. Nc4 Be7 35. Qa5 Qb7 36. Qb6 Qa8 37. Qa5 Qxa5 38. Nxa5 Kf7 39. Nb7 g5 40. hxg5 Kg6 41. Na5 Kxg5 42. Nc4 Bd8 43. Nb2 Be7 44. Na4 d6 45. exd6 Bxd6 46. Nb2 h4 47. gxh4+ Kxh4 48. Nd3 Kg5 49. e5 Bf8 50. Ke4 Kg6 51. Nf4+ Kf7 52. Kf3 Bg7 53. Nd3 Bf8 54. Kg4 Be7 55. Kh5 Bf8 56. Ne1 Be7 57. Nf3 Bd8 58. Nd2 Ba5 59. Nc4 Bc3 60. Kg5 Bd4 61. Kf4 Ke7 62. Ke4 Bg1 63. Nd2 Kd7 64. Nf3 Bf2 65. Ng5 Bg3 66. Nf3 Kc6 67. Ng5 Kd7 68. Nf3 1/2-1/2

[Event "FRA-chT Top 12"]
[Site "Brest"]
[Date "2018.05.30"]
[Round "5"]
[White "Haussernot, Cecile"]
[Black "Manouck, Thierry"]
[Result "0-1"]
[WhiteElo "2189"]
[BlackElo "2195"]
[PlyCount "86"]
[EventDate "2018.05.26"]
[EventType "team-tourn"]
[EventRounds "11"]
[EventCountry "FRA"]
[SourceTitle "EXT 2019"]
[Source "ChessBase"]
[SourceDate "2018.10.10"]
[SourceVersion "1"]
[SourceVersionDate "2018.10.10"]
[SourceQuality "1"]
[WhiteTeam "Mulhouse Philidor"]
[BlackTeam "Evry Grand Roque"]
[WhiteTeamCountry "FRA"]
[BlackTeamCountry "FRA"]

1. e4 c6 2. d4 d5 3. f3 g6 4. Nc3 Bg7 5. Be3 Qb6 6. Qd2 Qxb2 7. Rb1 Qa3 8. exd5 Nf6 9. dxc6 bxc6 10. Bf4 Nbd7 11. Bc4 Nb6 12. Bb3 0-0 13. Nge2 Ba6 14. 0-0 Rad8 15. Qe1 Rd7 16. Bc1 Qa5 17. Bd2 Nc4 18. Bxc4 Bxc4 19. Rb2 Qa6 20. Qf2 c5 21. Be3 Bxe2 22. Nxe2 Nd5 23. Bc1 cxd4 24. Nxd4 Nc3 25. Nb3 Ne2+ 26. Kh1 Nxc1 27. Nc5 Qc6 28. Nxd7 Qxd7 29. Rb1 Nxa2 30. c4 Nc3 31. Rbc1 Rc8 32. Rc2 Rxc4 33. Rfc1 Qc7 34. Qd2 h5 35. Qd3 a5 36. Re1 Bf6 37. Rb1 Kg7 38. Ra1 Rh4 39. h3 a4 40. Rac1 Rc4 41. Ra1 Rc5 42. Ra3 Qg3 43. Qe3 Re5 0-1

[Event "Paris-ch"]
[Site "Paris"]
[Date "2010.07.03"]
[Round "1"]
[White "Manouck, Thierry"]
[Black "Solodovnichenko, Yuri"]
[Result "0-1"]
[WhiteElo "2330"]
[BlackElo "2558"]
[PlyCount "80"]
[EventDate "2010.07.03"]
[EventType "swiss"]
[EventRounds "9"]
[EventCountry "FRA"]
[SourceTitle "CBM 137 Extra"]
[Source "ChessBase"]
[SourceDate "2010.09.01"]
[SourceVersion "1"]
[SourceVersionDate "2010.09.01"]
[SourceQuality "1"]

1. c4 Nf6 2. g3 c6 3. Nf3 d5 4. Na3 g6 5. Bg2 Bg7 6. 0-0 0-0 7. d4 Ne4 8. Qb3 e6 9. Rd1 Nd7 10. Be3 b6 11. Rac1 Bb7 12. Ne5 Nxe5 13. dxe5 Qe7 14. f4 f5 15. exf6 Nxf6 16. Bd4 Rad8 17. c5 Nd7 18. Bxg7 Kxg7 19. cxb6 axb6 20. e4 Qf6 21. Nc2 Kh8 22. e5 Qe7 23. Nd4 c5 24. Nb5 g5 25. Rf1 gxf4 26. gxf4 Rg8 27. Nd6 Ba8 28. Rc3 Rxg2+ 29. Kxg2 d4+ 30. Rcf3 Rg8+ 31. Kf2 c4 32. Qxc4 Qh4+ 33. Ke2 Bxf3+ 34. Rxf3 Qxh2+ 35. Rf2 Qh5+ 36. Kd2 Nc5 37. Qxd4 Rg1 38. Re2 Qh1 39. Kc3 Rc1+ 40. Kb4 Qa8 0-1

[Event "Saint Affrique op 17th"]
[Site "Saint Affrique"]
[Date "2009.07.21"]
[Round "5"]
[White "Bujisho, Benjamin"]
[Black "Manouck, Thierry"]
[Result "1-0"]
[WhiteElo "2404"]
[BlackElo "2337"]
[PlyCount "39"]
[EventDate "2009.07.18"]
[EventType "swiss"]
[EventRounds "9"]
[EventCountry "FRA"]
[SourceTitle "EXT 2010"]
[Source "ChessBase"]
[SourceDate "2010.11.25"]
[SourceVersion "1"]
[SourceVersionDate "2010.11.25"]
[SourceQuality "1"]

1. e4 d6 2. d4 Nf6 3. Nc3 Nbd7 4. Nf3 e5 5. Bc4 Be7 6. 0-0 0-0 7. a4 a5 8. Re1 c6 9. b3 Qc7 10. Bb2 Nb6 11. Be2 Bg4 12. h3 Bh5 13. Nh4 Nxe4 14. Nxe4 Bxe2 15. Qxe2 Bxh4 16. dxe5 dxe5 17. Qh5 Be7 18. Bxe5 Qc8 19. Bxg7 Kxg7 20. Qe5+ 1-0

[Event "Saint Affrique op 17th"]
[Site "Saint Affrique"]
[Date "2009.07.20"]
[Round "4"]
[White "Manouck, Thierry"]
[Black "Buscara, Sevan"]
[Result "1/2-1/2"]
[WhiteElo "2337"]
[BlackElo "2225"]
[PlyCount "116"]
[EventDate "2009.07.18"]
[EventType "swiss"]
[EventRounds "9"]
[EventCountry "FRA"]
[SourceTitle "EXT 2010"]
[Source "ChessBase"]
[SourceDate "2010.11.25"]
[SourceVersion "1"]
[SourceVersionDate "2010.11.25"]
[SourceQuality "1"]

1. c4 c6 2. Nf3 d5 3. Na3 Nf6 4. g3 Bf5 5. Bg2 e6 6. b3 h6 7. 0-0 Nbd7 8. Bb2 Be7 9. d3 0-0 10. Qd2 Bh7 11. Rfc1 Qb6 12. Nc2 a5 13. Rab1 Bc5 14. e3 Bd6 15. a3 Qa6 16. Bf1 Qa7 17. cxd5 exd5 18. b4 axb4 19. axb4 Qb8 20. Ra1 Rxa1 21. Rxa1 Ne5 22. Nxe5 Bxe5 23. Bxe5 Qxe5 24. Nd4 h5 25. h3 Ne8 26. Ra8 Qd6 27. Be2 Bg6 28. Qc3 Nc7 29. Ra7 Rb8 30. h4 Ne6 31. Nxe6 Qxe6 32. Qd4 b6 33. Qf4 Re8 34. Ra6 b5 35. Kg2 Qc8 36. Rb6 Qd7 37. Qd4 Rc8 38. Ra6 Qd6 39. Qc3 Qe6 40. Bf3 Qd6 41. Qd4 Qe6 42. Rb6 Kh8 43. e4 dxe4 44. dxe4 Re8 45. e5 Qxe5 46. Qxe5 Rxe5 47. Bxc6 Bd3 48. f4 Re2+ 49. Kf3 Rb2 50. Bxb5 Bxb5 51. Rxb5 g6 52. Rb8+ Kh7 53. b5 Rb3+ 54. Ke4 Rxg3 55. Re8 Rb3 56. Rb8 Rb4+ 57. Kf3 Rb3+ 58. Ke4 Rb4+ 1/2-1/2

[Event "Saint Affrique op 16th"]
[Site "Saint Affrique"]
[Date "2008.07.21"]
[Round "4"]
[White "Riff, Jean Noel"]
[Black "Manouck, Thierry"]
[Result "1-0"]
[WhiteElo "2481"]
[BlackElo "2358"]
[PlyCount "67"]
[EventDate "2008.07.19"]
[EventType "swiss"]
[EventRounds "9"]
[EventCountry "FRA"]
[SourceTitle "CBM 125 Extra"]
[Source "ChessBase"]
[SourceDate "2008.09.01"]
[SourceVersion "1"]
[SourceVersionDate "2008.09.01"]
[SourceQuality "1"]

1. e4 d6 2. d4 Nf6 3. Nc3 Nbd7 4. g4 h6 5. h3 e5 6. Nge2 b5 7. a3 Bb7 8. Bg2 a6 9. 0-0 c5 10. dxe5 dxe5 11. Ng3 g6 12. Be3 Nb6 13. Qf3 Be7 14. Rad1 Qc7 15. Qe2 Rd8 16. Rxd8+ Bxd8 17. Rd1 Be7 18. b3 h5 19. g5 Nfd7 20. Nd5 Bxd5 21. exd5 c4 22. Ne4 Bd6 23. h4 0-0 24. Bh3 Kg7 25. Qf3 Rd8 26. b4 Na4 27. Rd2 Ndb6 28. c3 Qe7 29. Nxd6 Rxd6 30. Bc5 Nd7 31. Bxd6 Qxd6 32. Bxd7 Qxd7 33. d6 Kf8 34. Kh2 1-0

[Event "Paris Multicoms-B"]
[Site "Paris"]
[Date "2006.12.16"]
[Round "4"]
[White "Manouck, Thierry"]
[Black "Inkiov, Ventzislav"]
[Result "1/2-1/2"]
[WhiteElo "2342"]
[BlackElo "2523"]
[PlyCount "26"]
[EventDate "2006.12.13"]
[EventType "tourn"]
[EventRounds "9"]
[EventCountry "FRA"]
[EventCategory "4"]
[SourceTitle "CBM 115 Extra"]
[Source "ChessBase"]
[SourceDate "2007.01.10"]
[SourceVersion "1"]
[SourceVersionDate "2007.01.10"]
[SourceQuality "1"]

1. c4 e6 2. Nf3 Nf6 3. g3 d5 4. b3 c5 5. Bg2 Nc6 6. e3 Be7 7. 0-0 0-0 8. Bb2 d4 9. exd4 cxd4 10. Re1 Ne8 11. Ne5 Nxe5 12. Rxe5 f6 13. Re1 e5 1/2-1/2

[Event "FRA-ch Accession"]
[Site "Besancon"]
[Date "2006.08.25"]
[Round "10"]
[White "Manouck, Thierry"]
[Black "Charnushevich, Aliaksei"]
[Result "0-1"]
[WhiteElo "2337"]
[BlackElo "2524"]
[PlyCount "60"]
[EventDate "2006.08.15"]
[EventType "swiss"]
[EventRounds "10"]
[EventCountry "FRA"]
[SourceTitle "CBM 113 Extra"]
[Source "ChessBase"]
[SourceDate "2006.09.14"]
[SourceVersion "1"]
[SourceVersionDate "2006.09.14"]
[SourceQuality "1"]

1. c4 e6 2. Nf3 d5 3. b3 Nf6 4. g3 Be7 5. Bg2 0-0 6. 0-0 c5 7. e3 Nc6 8. Bb2 d4 9. exd4 cxd4 10. Re1 Re8 11. a3 a5 12. Ne5 Nxe5 13. Rxe5 Bd6 14. Rb5 Rb8 15. Bxd4 Bxg3 16. Ba7 Ra8 17. Be3 Bc7 18. Nc3 Qd6 19. f4 e5 20. d4 exf4 21. c5 Qd8 22. Bf2 Ng4 23. Ra2 Ne3 24. Bxe3 fxe3 25. Nd5 Ra6 26. Nxc7 Qxc7 27. d5 Rg6 28. Qf3 Bg4 29. d6 Bxf3 30. dxc7 Bxg2 0-1

[Event "Paris-ch"]
[Site "Paris"]
[Date "2006.07.12"]
[Round "3"]
[White "Jankovic, Alojzije"]
[Black "Manouck, Thierry"]
[Result "1-0"]
[WhiteElo "2525"]
[BlackElo "2337"]
[PlyCount "115"]
[EventDate "2006.07.08"]
[EventType "swiss"]
[EventRounds "9"]
[EventCountry "FRA"]
[SourceTitle "EXT 2007"]
[Source "ChessBase"]
[SourceDate "2006.11.23"]
[SourceVersion "1"]
[SourceVersionDate "2006.11.23"]
[SourceQuality "1"]

1. d4 d6 2. Nf3 Nf6 3. c4 Nbd7 4. Nc3 e5 5. e4 c6 6. Be2 Be7 7. 0-0 a6 8. Rb1 0-0 9. Re1 Qc7 10. b4 b5 11. Bf1 Re8 12. Qb3 exd4 13. Nxd4 Ne5 14. cxb5 axb5 15. h3 Bd7 16. Be3 Bd8 17. Rbd1 Qb8 18. Bg5 Ng6 19. Qc2 h6 20. Be3 Bc7 21. g3 Ne5 22. f4 Nc4 23. Bf2 Na3 24. Qb3 Ra6 25. Rd2 Bb6 26. Qd1 Bc7 27. Qc1 Nc4 28. Rdd1 Na3 29. Nb3 Be6 30. Na5 Nc4 31. Nb3 Na3 32. Kh2 Bc4 33. Bg2 h5 34. Bd4 h4 35. g4 d5 36. e5 Nd7 37. Kh1 Ra8 38. g5 Nf8 39. Nc5 Qc8 40. Rd2 Ne6 41. Nxe6 Qxe6 42. Rf2 Bd3 43. Re3 Bf5 44. Nxd5 cxd5 45. Rxa3 Rxa3 46. Qxa3 Be4 47. Bxe4 dxe4 48. Qe3 Qc4 49. Qc3 Rd8 50. Qxc4 bxc4 51. Be3 c3 52. Kg2 Rd3 53. Re2 Kh7 54. Kf2 Kg6 55. a4 Kf5 56. a5 Bb8 57. Rc2 Ke6 58. a6 1-0

[Event "Paris-ch"]
[Site "Paris"]
[Date "2006.07.12"]
[Round "5"]
[White "Zatonskih, Anna"]
[Black "Manouck, Thierry"]
[Result "1/2-1/2"]
[WhiteElo "2432"]
[BlackElo "2337"]
[PlyCount "69"]
[EventDate "2006.07.08"]
[EventType "swiss"]
[EventRounds "9"]
[EventCountry "FRA"]
[SourceTitle "EXT 2007"]
[Source "ChessBase"]
[SourceDate "2006.11.23"]
[SourceVersion "1"]
[SourceVersionDate "2006.11.23"]
[SourceQuality "1"]

1. d4 d6 2. c4 Nf6 3. Nf3 Nbd7 4. Nc3 e5 5. e4 c6 6. Be2 Be7 7. 0-0 a6 8. Qc2 0-0 9. Rd1 Qc7 10. Rb1 b5 11. b4 Bb7 12. dxe5 Nxe5 13. Nxe5 dxe5 14. Be3 Rad8 15. Rdc1 Rd7 16. a4 bxc4 17. Bxc4 Ng4 18. Qe2 Nxe3 19. Qxe3 a5 20. b5 Qd8 21. Rd1 Rd4 22. bxc6 Bxc6 23. Bd5 Bb4 24. Nb5 Bxb5 25. axb5 Bc5 26. Rdc1 Rd1+ 27. Rxd1 Bxe3 28. Bxf7+ Kxf7 29. Rxd8 Bxf2+ 30. Kxf2 Rxd8 31. Ra1 Rd4 32. b6 a4 33. Rb1 Rd8 34. Ke3 a3 35. Ra1 1/2-1/2

[Event "FRA-ch Accession"]
[Site "Chartres"]
[Date "2005.08.26"]
[Round "10"]
[White "Giffard, Nicolas"]
[Black "Manouck, Thierry"]
[Result "1/2-1/2"]
[WhiteElo "2330"]
[BlackElo "2273"]
[PlyCount "66"]
[EventDate "2005.08.15"]
[EventType "swiss"]
[EventRounds "10"]
[EventCountry "FRA"]
[SourceTitle "EXT 2006"]
[Source "ChessBase"]
[SourceDate "2005.11.24"]
[SourceVersion "1"]
[SourceVersionDate "2005.11.24"]
[SourceQuality "1"]

1. d4 d6 2. c4 Nf6 3. Nc3 Nbd7 4. e4 e5 5. Nf3 c6 6. Be2 Be7 7. 0-0 a6 8. Be3 b5 9. cxb5 cxb5 10. b4 0-0 11. d5 Nb6 12. Nd2 Bd7 13. Rc1 Qb8 14. a3 Rc8 15. Nb3 Nc4 16. Bxc4 Rxc4 17. Na5 Rc8 18. f3 Bd8 19. Qd2 Bb6 20. Bxb6 Qxb6+ 21. Qf2 Qxf2+ 22. Kxf2 Rc7 23. Ne2 Rac8 24. Rxc7 Rxc7 25. Rc1 Rxc1 26. Nxc1 Kf8 27. Ne2 Ke7 28. Ke3 Kd8 29. h4 Kc7 30. g4 h6 31. Ng3 g5 32. h5 Ng8 33. Kd3 Ne7 1/2-1/2

[Event "FRA-ch Accession"]
[Site "Chartres"]
[Date "2005.08.23"]
[Round "7"]
[White "Manouck, Thierry"]
[Black "Bergez, Luc"]
[Result "1-0"]
[WhiteElo "2273"]
[BlackElo "2353"]
[PlyCount "51"]
[EventDate "2005.08.15"]
[EventType "swiss"]
[EventRounds "10"]
[EventCountry "FRA"]
[SourceTitle "EXT 2006"]
[Source "ChessBase"]
[SourceDate "2005.11.24"]
[SourceVersion "1"]
[SourceVersionDate "2005.11.24"]
[SourceQuality "1"]

1. c4 c6 2. Nf3 d5 3. Na3 g6 4. g3 Bg7 5. Bg2 e5 6. d3 Ne7 7. 0-0 0-0 8. Rb1 a6 9. e4 Nd7 10. b4 a5 11. b5 dxe4 12. dxe4 Nc5 13. Bb2 Nxe4 14. Qe2 f5 15. Nxe5 Qc7 16. f4 cxb5 17. Nxb5 Qb8 18. Bxe4 fxe4 19. Ba3 Bxe5 20. fxe5 Rxf1+ 21. Rxf1 Qxe5 22. Bd6 Qe6 23. c5 Nd5 24. Nd4 Nc3 25. Rf8+ Kg7 26. Nxe6+ 1-0

[Event "FRA-ch Accession"]
[Site "Val d'Isere"]
[Date "2004.08.??"]
[Round "3"]
[White "Manouck, Thierry"]
[Black "Marzolo, Cyril"]
[Result "0-1"]
[WhiteElo "2289"]
[BlackElo "2403"]
[PlyCount "34"]
[EventDate "2004.08.16"]
[EventType "swiss"]
[EventRounds "11"]
[EventCountry "FRA"]
[SourceTitle "CBM 103 Extra"]
[Source "ChessBase"]
[SourceDate "2005.01.01"]
[SourceVersion "1"]
[SourceVersionDate "2005.01.01"]
[SourceQuality "1"]

1. c4 e5 2. g3 c6 3. d4 e4 4. f3 Nf6 5. Bg5 Bb4+ 6. Nc3 d5 7. fxe4 dxe4 8. Bg2 Bg4 9. Bxf6 Qxf6 10. Nh3 Bxh3 11. Bxh3 c5 12. Qa4+ Nc6 13. d5 Bxc3+ 14. bxc3 e3 15. dxc6 Qxc3+ 16. Kf1 Qf6+ 17. Ke1 Qxa1+ 0-1

[Event "Saint Affrique op 09th"]
[Site "Saint Affrique"]
[Date "2001.07.25"]
[Round "6.6"]
[White "Rizouk, Aimen"]
[Black "Manouck, Thierry"]
[Result "1-0"]
[WhiteElo "2442"]
[BlackElo "2284"]
[PlyCount "45"]
[EventDate "2001.07.??"]
[EventType "swiss"]
[EventRounds "9"]
[EventCountry "FRA"]
[SourceTitle "EXT 2003"]
[Source "ChessBase"]
[SourceDate "2002.11.25"]
[SourceVersion "1"]
[SourceVersionDate "2002.11.25"]
[SourceQuality "1"]

1. e4 d6 2. d4 Nf6 3. Nc3 Nbd7 4. Nf3 e5 5. Bc4 Be7 6. 0-0 0-0 7. Re1 c6 8. a4 a5 9. h3 h6 10. b3 Re8 11. Bb2 Qc7 12. Qd2 Nb6 13. Bf1 Bd7 14. Rad1 Rad8 15. Nb1 exd4 16. Nxd4 Bf8 17. Qf4 Re5 18. Nf5 Re6 19. Nxh6+ gxh6 20. Bxf6 Rde8 21. e5 Rxf6 22. exf6 Be6 23. Nc3 1-0